Statistics for The fellas

Click here to take the quiz!

General Stats

  • This quiz has been taken 19 times
  • The average score is 25 of 29

Answer Stats

HintAnswer% Correct
Tosses at least a grand on big sporting eventsCheesy Mike
100%
"Where we dropping boys?"Davis
100%
His balls are famously known as "Purple"Fano
100%
Is the namesake behind the famous phrase, "Jagged Up"Jaguar Joe
100%
The goofiest of them allPop-Pop
100%
Black _____!Walla
100%
"Yo could I get a (zyn, bump, etc.)BurrBlow
92%
Closeted JewCheesy Mike
92%
Wishes he were chineseChud
92%
Monke ManCron
92%
Tripped acid on a first dateMater
92%
Mr. Finance, MockCon, Mergers, and AcquisitionsMcMerge
92%
"Catching fat hogs and packing FAT lips"The Show
92%
Portrayed the famous "Chicken Little" on HalloweenWade
92%
Blew a few grand at a strip clubAvery
85%
Incredibly Chill GuyChill Phil
85%
Mr Ford Truck MonthClay
85%
MF ____DERS
85%
Car was hit by the Maury ExpressFano
85%
Shreds Lines the Strings?Herb
85%
Known as the "Slim Reaper"P
85%
Russian Sleeper AgentWalla
85%
Heavily considered going on food stamps one summerClay
77%
BONUS: Quasi Member of KSig$kullFano
77%
One whose daily whereabouts are rarely knownPitty
77%
King Delta WannabeeThe Show
69%
Hates Nissan Altimas and their primary driversMcMerge
62%
(In)Famously smoked a cigarette on a busPitty
62%
Gets Liquored up on the regular?Thigs
54%

Score Distribution

Percentile by Number Answered

Percent of People with Each Score

Your Score History

You have not taken this quiz